[Event "4NCL"]
[Site "Barcelo Hotel, Daventry, ENG"]
[Date "2010.11.07"]
[Round "2.12"]
[White "Lindner, Daniel"]
[Black "Cox, John J"]
[Result "0-1"]
[WhiteElo "2237"]
[BlackElo "2398"]
[PlyCount "188"]
[EventDate "2010.??.??"]
[WhiteTeam "Wood Green Hilsmark 2"]
[BlackTeam "Barbican 4NCL 1"]

1. c4 Nf6 2. g3 g6 3. Bg2 Bg7 4. Nc3 O-O 5. d4 c5 6. Nf3 cxd4 7. Nxd4 Qc7 8.
O-O Qxc4 9. Be3 Qc7 10. Rc1 Nc6 11. Qa4 Qb8 12. Rfd1 Ng4 13. Nxc6 dxc6 14. Bd4
Nf6 15. b4 a6 16. Qc2 Be6 17. Na4 Nd7 18. Be3 Bf5 19. Qb3 Be6 20. Qc2 Bf5 21.
Qb3 Qc7 22. Nc5 Nxc5 23. bxc5 Rad8 24. Bf4 e5 25. Bg5 Rxd1+ 26. Rxd1 Be6 27.
Qa4 f6 28. Be3 Rd8 29. Rb1 Qf7 30. Qa5 Rd7 31. a4 Bf8 32. f4 Bf5 33. Rc1 Qb3
34. Rc3 Qd1+ 35. Kf2 Bg4 36. Bf1 Qd5 37. Rd3 Qf7 38. Rxd7 Qxd7 39. fxe5 Qf5+
40. Ke1 Qb1+ 41. Kf2 Qf5+ 42. Kg1 Qxe5 43. Kf2 Qf5+ 44. Kg1 Qe5 45. Kf2 Be7 46.
Qb4 Bc8 47. Bg2 Kg7 48. Bf3 h5 49. Bd4 Qe6 50. Qc3 g5 51. Bxh5 Qf5+ 52. Kg1
Qb1+ 53. Kg2 Bf5 54. Qe3 Kf8 55. h4 Qe4+ 56. Qxe4 Bxe4+ 57. Bf3 Bc2 58. a5 f5
59. hxg5 Bxg5 60. Bh5 Ke7 61. e3 Ke6 62. Kf2 Bd8 63. Bc3 Kd5 64. Bg6 Be4 65.
Bd4 Ke6 66. g4 Bxa5 67. gxf5+ Bxf5 68. Bxf5+ Kxf5 69. Kf3 Bc7 70. e4+ Ke6 71.
Ke2 a5 72. Kd3 Be5 73. Be3 Kf6 74. Kc4 Bc7 75. Bd2 Ke5 76. Kd3 a4 77. Bc3+ Kf4
78. Bd2+ Kf3 79. Bc3 a3 80. e5 Kf4 81. e6 Bd8 82. Kc4 Kf5 83. Kb3 Kxe6 84. Kxa3
Kd5 85. Kb2 Kxc5 86. Be1 Kc4 87. Bf2 b5 88. Be1 b4 89. Bf2 c5 90. Be1 Bf6+ 91.
Kc1 Kb3 92. Bf2 c4 93. Bg3 c3 94. Be1 Bg5+ 0-1

[Event "4NCL"]
[Site "Barcelo Hotel, Daventry, ENG"]
[Date "2010.11.07"]
[Round "2.12"]
[White "Knott, Simon JB"]
[Black "Lee, Graham D"]
[Result "1-0"]
[WhiteElo "2333"]
[BlackElo "2261"]
[PlyCount "57"]
[EventDate "2010.??.??"]
[WhiteTeam "Barbican 4NCL 1"]
[BlackTeam "Wood Green Hilsmark 2"]

1. Nf3 Nf6 2. c4 e6 3. g3 b6 4. Bg2 Bb7 5. O-O c5 6. Nc3 Be7 7. Re1 d6 8. e4 a6
9. d4 cxd4 10. Nxd4 Qc7 11. Be3 O-O 12. Rc1 Nbd7 13. f4 Rfe8 14. g4 g6 15. g5
Nh5 16. Nd5 exd5 17. cxd5 Qb8 18. Nc6 Bxc6 19. dxc6 Nc5 20. b4 Ne6 21. f5 Nc7
22. Bf3 Bf8 23. Bxh5 gxh5 24. Qxh5 Rxe4 25. g6 fxg6 26. fxg6 h6 27. Bxh6 Qe8
28. Bd2 Re7 29. Bc3 1-0

[Event "4NCL"]
[Site "Barcelo Hotel, Daventry, ENG"]
[Date "2010.11.07"]
[Round "2.12"]
[White "Hegarty, Sarah N"]
[Black "Lauterbach, Ingrid"]
[Result "0-1"]
[WhiteElo "2084"]
[BlackElo "2169"]
[PlyCount "106"]
[EventDate "2010.??.??"]
[WhiteTeam "Wood Green Hilsmark 2"]
[BlackTeam "Barbican 4NCL 1"]

1. e4 e5 2. Bc4 Nf6 3. d3 c6 4. Nf3 Be7 5. O-O d6 6. c3 Bg4 7. Nbd2 O-O 8. h3
Bh5 9. Re1 Nbd7 10. Bb3 Qc7 11. Nf1 d5 12. Ng3 Bg6 13. Nh4 Nc5 14. Nxg6 hxg6
15. Bc2 Rad8 16. exd5 Nxd5 17. Qe2 Rfe8 18. Ne4 Ne6 19. g3 f5 20. Nd2 Bf6 21.
Nf1 Nc5 22. Bd2 Qd7 23. Rad1 b5 24. Qf3 a5 25. Ne3 e4 26. dxe4 Nxe4 27. Bb3 a4
28. Bxd5+ cxd5 29. Bc1 d4 30. cxd4 Bxd4 31. Kg2 Ng5 32. Qf4 Qc6+ 33. f3 Ne6 34.
Qh4 Bf6 35. Qb4 Rxd1 36. Rxd1 Nd4 37. Rxd4 Bxd4 38. Qxd4 Qxc1 39. Nf1 Re2+ 40.
Kg1 Qxb2 41. Qd8+ Kf7 42. Qd5+ Ke7 43. Qc5+ Kd7 44. Qd5+ Kc7 45. Qc5+ Kb7 46.
Qd5+ Kb6 47. Qd6+ Ka5 48. a3 Qf6 49. Qd3 Qe7 50. Qc3+ Kb6 51. Kh1 Re1 52. Qd4+
Ka6 53. Qd3 Ra1 0-1

[Event "4NCL"]
[Site "Barcelo Hotel, Daventry, ENG"]
[Date "2010.11.07"]
[Round "2.13"]
[White "Gormally, Daniel W"]
[Black "Birtwistle, Nigel"]
[Result "1-0"]
[WhiteElo "2470"]
[BlackElo "2229"]
[PlyCount "67"]
[EventDate "2010.??.??"]
[WhiteTeam "Cheddleton 1"]
[BlackTeam "Pandora's Box Grantham"]

1. e4 c5 2. Nf3 g6 3. c3 Bg7 4. d4 cxd4 5. cxd4 d5 6. exd5 Nf6 7. Nc3 Nxd5 8.
Bc4 Nb6 9. Bb3 O-O 10. O-O Nc6 11. d5 Na5 12. Bg5 h6 13. Bh4 Bg4 14. Re1 g5 15.
Bg3 Nac4 16. Bxc4 Nxc4 17. Qb3 Rc8 18. Ne5 Na5 19. Qc2 Bh5 20. Qf5 Nc4 21. Qh3
Nxb2 22. Qxh5 Rxc3 23. Ng4 Rxg3 24. hxg3 Qd6 25. Rab1 Nd3 26. Red1 Nc5 27. Ne3
f5 28. Nc4 Qa6 29. d6 exd6 30. Nxd6 Qxa2 31. Qf3 Ne4 32. Rxb7 Qa6 33. Rxg7+
Kxg7 34. Nxf5+ 1-0

[Event "4NCL"]
[Site "Barcelo Hotel, Daventry, ENG"]
[Date "2010.11.07"]
[Round "2.13"]
[White "Tate, Alan"]
[Black "Arkell, Keith C"]
[Result "0-1"]
[WhiteElo "2234"]
[BlackElo "2439"]
[PlyCount "92"]
[EventDate "2010.??.??"]
[WhiteTeam "Pandora's Box Grantham"]
[BlackTeam "Cheddleton 1"]

1. e4 c6 2. d4 d5 3. f3 e6 4. Nc3 Bb4 5. Bf4 Nd7 6. Qd3 Ne7 7. O-O-O Qa5 8.
Nge2 dxe4 9. fxe4 e5 10. Be3 O-O 11. a3 Bd6 12. Bd2 Qc7 13. d5 Nc5 14. Qg3 cxd5
15. Bh6 Ng6 16. Nxd5 Qc6 17. Nec3 a6 18. h4 gxh6 19. h5 Kg7 20. hxg6 fxg6 21.
Qh4 h5 22. Be2 Bc7 23. Bxh5 Bd8 24. Qg3 Qd6 25. Kb1 b5 26. Be2 Ra7 27. Nb4 Qe6
28. Qe3 Bb6 29. Nbd5 Raf7 30. Nxb6 Qxb6 31. Rd5 Nd7 32. Qh6+ Kg8 33. Rhd1 Qf2
34. Bf3 Nf6 35. Rxe5 Ng4 36. Bxg4 Bxg4 37. Rc1 Qf4 38. Qxf4 Rxf4 39. Re7 Rf2
40. e5 R8f7 41. Rxf7 Kxf7 42. Nd5 Rxg2 43. Rf1+ Kg7 44. Rf6 h5 45. e6 Re2 46.
Rf7+ Kh6 0-1

[Event "4NCL"]
[Site "Barcelo Hotel, Daventry, ENG"]
[Date "2010.11.07"]
[Round "2.13"]
[White "Hawkins, Jonathan"]
[Black "Burrows, Martin P"]
[Result "1/2-1/2"]
[WhiteElo "2429"]
[BlackElo "2172"]
[PlyCount "119"]
[EventDate "2010.??.??"]
[WhiteTeam "Cheddleton 1"]
[BlackTeam "Pandora's Box Grantham"]

1. d4 Nf6 2. c4 e6 3. g3 d5 4. Bg2 dxc4 5. Nf3 Nc6 6. Qa4 Bb4+ 7. Bd2 Nd5 8.
Bxb4 Ndxb4 9. O-O Rb8 10. Na3 O-O 11. Qb5 a6 12. Qxc4 b5 13. Qb3 Qd6 14. Nc2
Nxc2 15. Qxc2 Bb7 16. Rfd1 Nb4 17. Qd2 Be4 18. a3 Nd5 19. Ng5 Bxg2 20. Kxg2 Nf6
21. b4 Qd5+ 22. f3 h6 23. Nh3 e5 24. e4 Qxd4 25. Qxd4 exd4 26. Rxd4 Rfd8 27.
Rad1 Rxd4 28. Rxd4 c5 29. bxc5 Rc8 30. Rd6 Rxc5 31. Rxa6 Rc2+ 32. Nf2 Nd7 33.
f4 Ra2 34. Ra8+ Kh7 35. Ra5 Nc5 36. Kf1 Ra1+ 37. Kg2 Ra2 38. Kf3 Nb3 39. Ra7
Nd2+ 40. Kg4 Nc4 41. Nd3 Rxa3 42. Rxa3 Nxa3 43. Kf5 Nc4 44. h3 Kg8 45. e5 Nd2
46. g4 Kf8 47. e6 fxe6+ 48. Kxe6 Nf3 49. Kd5 Ng1 50. h4 h5 51. gxh5 Nf3 52. Ke6
Nxh4 53. f5 Nf3 54. Kd5 Kf7 55. Ke4 Nd2+ 56. Kf4 Nc4 57. Nb4 Nd6 58. Nd5 Ne8
59. Kg5 Nf6 60. Nb4 1/2-1/2

[Event "4NCL"]
[Site "Barcelo Hotel, Daventry, ENG"]
[Date "2010.11.07"]
[Round "2.13"]
[White "Cumbers, Paul"]
[Black "Bellin, Robert"]
[Result "0-1"]
[WhiteElo "2214"]
[BlackElo "2365"]
[PlyCount "144"]
[EventDate "2010.??.??"]
[WhiteTeam "Pandora's Box Grantham"]
[BlackTeam "Cheddleton 1"]

1. d4 f5 2. g3 Nf6 3. Bg2 e6 4. c4 Be7 5. Nf3 c6 6. O-O O-O 7. Qc2 a5 8. c5 b6
9. cxb6 Qxb6 10. Nc3 Na6 11. Bg5 Rb8 12. Rab1 Nb4 13. Qa4 Ba6 14. Rfe1 Nbd5 15.
Qc2 Qa7 16. Qd2 Nxc3 17. bxc3 Ne4 18. Qe3 Nxg5 19. Nxg5 e5 20. h4 Bf6 21. Nf3
Rbe8 22. Qd2 e4 23. Ng5 Qc7 24. Nh3 e3 25. Qc2 exf2+ 26. Kxf2 f4 27. Kg1 f3 28.
exf3 Qxg3 29. Qf2 Qxf2+ 30. Nxf2 Rxe1+ 31. Rxe1 Bxh4 32. Re4 Bxf2+ 33. Kxf2 Bc4
34. a3 Bd5 35. Re3 g5 36. Bh3 Rf7 37. Bg4 Kf8 38. Kg3 Re7 39. Rxe7 Kxe7 40. f4
gxf4+ 41. Kxf4 Be6 42. Be2 Kf6 43. Bf3 Bf7 44. Bg4 Be6 45. Bf3 h6 46. Be2 d6
47. Bf3 Bd5 48. Be2 Bf7 49. Bf3 Be8 50. Be2 c5 51. dxc5 dxc5 52. Bf3 Ke6 53.
Be4 Bd7 54. Bf3 Kd6 55. Bd1 Be8 56. Bf3 h5 57. Bg2 h4 58. Kg4 Ke5 59. Kxh4 Kf4
60. Bf1 Bf7 61. Bb5 Bb3 62. Kh5 Ke3 63. Kg5 Kd2 64. Kf4 Kxc3 65. Ke5 Bf7 66.
Kd6 Kd4 67. Ba4 c4 68. Kc7 c3 69. Kb6 Be8 70. Bxe8 c2 71. Kxa5 c1=Q 72. a4 Qe1+
0-1

[Event "4NCL"]
[Site "Barcelo Hotel, Daventry, ENG"]
[Date "2010.11.07"]
[Round "2.13"]
[White "Mangione, Claudio"]
[Black "Wallace, Paul A"]
[Result "0-1"]
[WhiteElo "2087"]
[BlackElo "2231"]
[PlyCount "72"]
[EventDate "2010.??.??"]
[WhiteTeam "Pandora's Box Grantham"]
[BlackTeam "Cheddleton 1"]

1. Nf3 g6 2. c4 Bg7 3. d4 Nf6 4. g3 O-O 5. Bg2 d6 6. O-O Nbd7 7. Nc3 c6 8. e4
e5 9. b3 Re8 10. d5 cxd5 11. cxd5 Nc5 12. Nd2 b6 13. Ba3 Ba6 14. Re1 Rc8 15.
Ndb1 Bf8 16. b4 Ncd7 17. Qa4 Bd3 18. Bf1 Bxf1 19. Kxf1 Qc7 20. Bb2 Qb7 21. Nd2
a6 22. Qd1 Rc7 23. Nb3 Rec8 24. Rc1 Bh6 25. Rc2 a5 26. bxa5 bxa5 27. Kg2 Qb4
28. Qf3 Kg7 29. Rb1 Nxe4 30. Qxe4 Qxe4+ 31. Nxe4 Rxc2 32. Nxa5 Ra8 33. Nc6 Rxa2
34. Ba1 Nf6 35. Nxd6 Rxf2+ 36. Kg1 Be3 0-1

[Event "4NCL"]
[Site "Barcelo Hotel, Daventry, ENG"]
[Date "2010.11.07"]
[Round "2.13"]
[White "Van Weersel, Arlette"]
[Black "Wells, Daniel J"]
[Result "0-1"]
[WhiteElo "2174"]
[BlackElo "1997"]
[PlyCount "106"]
[EventDate "2010.??.??"]
[WhiteTeam "Cheddleton 1"]
[BlackTeam "Pandora's Box Grantham"]

1. e4 c5 2. Nf3 Nc6 3. d4 cxd4 4. Nxd4 Nf6 5. Nc3 e5 6. Ndb5 d6 7. Bg5 a6 8.
Na3 b5 9. Nd5 Be7 10. Bxf6 Bxf6 11. c3 Bg5 12. Nc2 O-O 13. h4 Bh6 14. g4 Bf4
15. Nce3 Bxe3 16. Nxe3 Ne7 17. h5 Be6 18. Bg2 Ra7 19. Qf3 f6 20. O-O g6 21. a4
bxa4 22. Rxa4 gxh5 23. gxh5 Kh8 24. Bh3 Bxh3 25. Qxh3 Rg8+ 26. Kh2 Qe8 27. Rc4
Rg5 28. Ng2 Rxh5 29. Nh4 Ra8 30. Rg1 Ng6 31. Rg4 Qe6 32. Rxg6 Qxh3+ 33. Kxh3
hxg6 34. Kg4 Rg5+ 35. Kf3 f5 36. exf5 gxf5 37. Rc6 Rd8 38. Rxa6 Kg7 39. Ke2 e4
40. Ra7+ Kf6 41. Rh7 Rdg8 42. Rh6+ Ke5 43. f4+ Kxf4 44. Rxd6 Kg3 45. Nxf5+ Rxf5
46. Ke3 Re8 47. Rg6+ Kh4 48. Rg2 Rf3+ 49. Kd4 Rd3+ 50. Kc4 Rc8+ 51. Kb3 e3 52.
Re2 Kg3 53. Kc2 Rcd8 0-1

[Event "4NCL"]
[Site "Barcelo Hotel, Daventry, ENG"]
[Date "2010.11.07"]
[Round "2.13"]
[White "Martin, Katie A"]
[Black "McKenna, Jason P"]
[Result "0-1"]
[WhiteElo "1901"]
[BlackElo "2082"]
[PlyCount "70"]
[EventDate "2010.??.??"]
[WhiteTeam "Pandora's Box Grantham"]
[BlackTeam "Cheddleton 1"]

1. e4 g6 2. d4 Bg7 3. Nc3 d6 4. Be3 c6 5. Qd2 Nd7 6. Bc4 b5 7. Bd3 a6 8. a4 Bb7
9. Nf3 Ngf6 10. e5 b4 11. exf6 bxc3 12. Qxc3 Nxf6 13. Qb3 Rb8 14. a5 O-O 15.
O-O c5 16. Qc4 cxd4 17. Bxd4 e5 18. Bb6 Qd7 19. Nd2 e4 20. Nxe4 Bxe4 21. Bxe4
d5 22. Qxa6 Nxe4 23. f3 Ng5 24. Rab1 Rfe8 25. b4 Qc6 26. Qd3 Rbc8 27. Rfc1 Ne6
28. b5 Qd6 29. Rd1 Nf4 30. Qd2 Re2 31. Qb4 Rxg2+ 32. Kh1 Rcxc2 33. Bg1 Qf6 34.
Rdc1 Rxg1+ 35. Rxg1 Rxh2+ 0-1

[Event "4NCL"]
[Site "Barcelo Hotel, Daventry, ENG"]
[Date "2010.11.07"]
[Round "2.14"]
[White "Hunt, Adam C"]
[Black "Shephard, Chris CW"]
[Result "1-0"]
[WhiteElo "2437"]
[BlackElo "2222"]
[PlyCount "67"]
[EventDate "2010.??.??"]
[WhiteTeam "Betsson.com"]
[BlackTeam "Warwickshire Select 1"]

1. e4 c6 2. d4 g6 3. Nc3 d5 4. Nf3 Bg7 5. h3 dxe4 6. Nxe4 Nf6 7. Nxf6+ exf6 8.
Bd3 O-O 9. O-O Be6 10. c4 Na6 11. b3 Qd7 12. Bb2 Rfd8 13. Qd2 Nc7 14. Rad1 b5
15. Rfe1 Rab8 16. Bc3 Ne8 17. d5 cxd5 18. cxb5 Nd6 19. Nd4 Re8 20. Nc6 Rxb5 21.
Bxb5 Nxb5 22. Nd4 Nxc3 23. Qxc3 f5 24. Qc6 Rc8 25. Qxd7 Bxd7 26. Nf3 Be6 27.
Rc1 Rd8 28. Rc7 a5 29. Ng5 Rd6 30. Nxe6 fxe6 31. Re7 e5 32. Rc1 Rd8 33. Rcc7
Bh8 34. Red7 1-0

[Event "4NCL"]
[Site "Barcelo Hotel, Daventry, ENG"]
[Date "2010.11.07"]
[Round "2.14"]
[White "Pitcher, John"]
[Black "Ansell, Simon T"]
[Result "1/2-1/2"]
[WhiteElo "2217"]
[BlackElo "2402"]
[PlyCount "124"]
[EventDate "2010.??.??"]
[WhiteTeam "Warwickshire Select 1"]
[BlackTeam "Betsson.com"]

1. e4 c6 2. d4 d5 3. e5 c5 4. c4 cxd4 5. Nf3 Bg4 6. cxd5 Qxd5 7. Nc3 Bxf3 8.
Nxd5 Bxd1 9. Nc7+ Kd7 10. Nxa8 Bc2 11. Bf4 e6 12. Rc1 d3 13. Nc7 Bb4+ 14. Bd2
Bxd2+ 15. Kxd2 Nc6 16. Nb5 Nxe5 17. Na3 Ba4 18. Rc5 Ng6 19. Bxd3 Bc6 20. Rhc1
N8e7 21. f3 Rd8 22. Ke1 Nf4 23. Bf1 Ke8 24. Rd1 Nfd5 25. Nb5 a6 26. Nc3 Ra8 27.
Nxd5 Nxd5 28. Kf2 Ke7 29. a3 g5 30. b4 h5 31. Bc4 h4 32. Bxd5 Bxd5 33. Rdc1 Rg8
34. Rc8 Rg7 35. h3 Kd6 36. Rd8+ Ke7 37. Rdc8 Kd6 38. Rd8+ Ke7 39. Rb8 Bc6 40.
Rd1 f5 41. Rdd8 Kf6 42. Rg8 Rd7 43. Rbd8 Rxd8 44. Rxd8 Ke5 45. Ke3 Kf6 46. Rg8
e5 47. Rh8 f4+ 48. Kf2 e4 49. fxe4 Bxe4 50. Rc8 Bc6 51. Rd8 Ke7 52. Rd2 Kf6 53.
Rc2 Kf5 54. Rc5+ Kf6 55. Ra5 Bb5 56. a4 Bc6 57. b5 axb5 58. axb5 Bd5 59. b6 Ke6
60. Rc5 Kd6 61. Rc7 Ke6 62. Rg7 Ke5 1/2-1/2

[Event "4NCL"]
[Site "Barcelo Hotel, Daventry, ENG"]
[Date "2010.11.07"]
[Round "2.14"]
[White "Ledger, Andrew J"]
[Black "Thomas, Nicholas"]
[Result "1/2-1/2"]
[WhiteElo "2430"]
[BlackElo "2286"]
[PlyCount "135"]
[EventDate "2010.??.??"]
[WhiteTeam "Betsson.com"]
[BlackTeam "Warwickshire Select 1"]

1. e4 e6 2. d4 d5 3. Nd2 Nc6 4. Ngf3 Nf6 5. e5 Nd7 6. Nb3 Be7 7. Bb5 a5 8. a4
Na7 9. Bd3 b6 10. O-O Nc6 11. c3 Ba6 12. Bxa6 Rxa6 13. Re1 Nf8 14. Bd2 Ng6 15.
Nc1 Nb8 16. b4 c5 17. dxc5 bxc5 18. b5 Ra8 19. c4 dxc4 20. Qe2 Nd7 21. Bc3 Nb6
22. g3 O-O 23. h4 h5 24. Ra3 Ra7 25. Nd2 Qd5 26. Qxh5 Rd8 27. Qg4 Qa8 28. Nxc4
Nd5 29. h5 Nf8 30. Bd2 f5 31. exf6 Nxf6 32. Qe2 Nd5 33. h6 Bf6 34. Rf3 Nb4 35.
Nb3 Nc2 36. Rc1 Nd4 37. Nxd4 Bxd4 38. Bg5 Rd5 39. Nb6 Re5 40. Nxa8 Rxe2 41. Nb6
Rf7 42. Rxf7 Kxf7 43. Rf1 Nh7 44. Be3 gxh6 45. Nc4 Bxe3 46. fxe3+ Ke7 47. b6
Nf6 48. b7 Nd7 49. Rb1 Nb8 50. Rb5 Ra2 51. Rxa5 Ra1+ 52. Kf2 Rb1 53. Rb5 Rxb5
54. axb5 Kd7 55. Kf3 Kc7 56. Kg4 Kxb7 57. Kh5 Nd7 58. Kxh6 Nb6 59. Nxb6 Kxb6
60. g4 c4 61. g5 c3 62. g6 c2 63. g7 c1=Q 64. g8=Q Qxe3+ 65. Qg5 Qh3+ 66. Kg6
Qd3+ 67. Kf6 Qd8+ 68. Kg6 1/2-1/2

[Event "4NCL"]
[Site "Barcelo Hotel, Daventry, ENG"]
[Date "2010.11.07"]
[Round "2.14"]
[White "Mason, Donald J"]
[Black "Bates, Richard A"]
[Result "0-1"]
[WhiteElo "2255"]
[BlackElo "2374"]
[PlyCount "72"]
[EventDate "2010.??.??"]
[WhiteTeam "Warwickshire Select 1"]
[BlackTeam "Betsson.com"]

1. e4 c5 2. d3 Nc6 3. g3 g6 4. Bg2 Bg7 5. f4 d6 6. Nf3 Bg4 7. h3 Bxf3 8. Qxf3
Nf6 9. O-O O-O 10. c3 Rc8 11. Na3 a6 12. Be3 b5 13. Nc2 b4 14. cxb4 cxb4 15. d4
Nd7 16. Rf2 Na5 17. Nxb4 Rc4 18. Nxa6 Qb6 19. Bf1 Bxd4 20. Bxd4 Rxd4 21. Rc1
Nf6 22. b4 Nc6 23. b5 Na7 24. Bd3 Nxb5 25. Bxb5 Qxb5 26. Nc7 Qa5 27. Re2 Rc8
28. e5 Nd5 29. exd6 exd6 30. Re8+ Rxe8 31. Nxe8 Qd2 32. Rf1 Nc3 33. f5 Rd3 34.
Nf6+ Kg7 35. Nh5+ gxh5 36. f6+ Kh6 0-1

[Event "4NCL"]
[Site "Barcelo Hotel, Daventry, ENG"]
[Date "2010.11.07"]
[Round "2.14"]
[White "Webb, Laurence E"]
[Black "Clarke, Brandon GI"]
[Result "1-0"]
[WhiteElo "2324"]
[BlackElo "2110"]
[PlyCount "69"]
[EventDate "2010.??.??"]
[WhiteTeam "Betsson.com"]
[BlackTeam "Warwickshire Select 1"]

1. e4 e6 2. d4 d5 3. e5 c5 4. c3 Qb6 5. Nf3 Nc6 6. a3 c4 7. g3 Na5 8. Nbd2 Bd7
9. h4 Ne7 10. Bh3 Qc7 11. Kf1 Nc8 12. Kg2 Nb6 13. Nf1 Na4 14. Qc2 Nb3 15. Rb1
a5 16. Be3 b5 17. N3d2 Nxd2 18. Bxd2 Rb8 19. Ne3 Be7 20. h5 b4 21. axb4 axb4
22. h6 g6 23. cxb4 f5 24. exf6 Bxf6 25. Ng4 Bxd4 26. Bf4 Qb6 27. Bxb8 Qxb8 28.
Qd2 Qb6 29. Rhd1 e5 30. Nxe5 Bxe5 31. Qxd5 Bxh3+ 32. Kxh3 Ke7 33. Qxe5+ Qe6+
34. Qxe6+ Kxe6 35. b5 1-0

[Event "4NCL"]
[Site "Barcelo Hotel, Daventry, ENG"]
[Date "2010.11.07"]
[Round "2.14"]
[White "Hynes, AM (Tony)"]
[Black "Ledger, Dave J"]
[Result "0-1"]
[WhiteElo "2190"]
[BlackElo "2234"]
[PlyCount "72"]
[EventDate "2010.??.??"]
[WhiteTeam "Warwickshire Select 1"]
[BlackTeam "Betsson.com"]

1. e4 e5 2. Nf3 Nc6 3. Bc4 Nf6 4. d4 exd4 5. e5 d5 6. Bb5 Ne4 7. Nxd4 Bd7 8.
Bxc6 bxc6 9. O-O Bc5 10. f3 Ng5 11. f4 Ne4 12. Be3 Qb8 13. b3 Qb6 14. c3 a5 15.
Qc1 O-O 16. Nd2 Nxd2 17. Qxd2 f6 18. exf6 Rxf6 19. a3 Qa6 20. b4 Bb6 21. g3 Qc4
22. Nf3 Bh3 23. Ne5 Qa6 24. Rfe1 axb4 25. cxb4 d4 26. Bf2 c5 27. bxc5 Bxc5 28.
Re2 Qb7 29. Bxd4 Rd6 30. Bxc5 Rxd2 31. Rxd2 g5 32. fxg5 Qe4 33. Nd3 Rd8 34. Re1
Qc6 35. Re3 Rxd3 36. Rdxd3 Qg2# 0-1

[Event "4NCL"]
[Site "Barcelo Hotel, Daventry, ENG"]
[Date "2010.11.07"]
[Round "2.14"]
[White "Ledger, Stephen C"]
[Black "Fishburne, Stewart K"]
[Result "1/2-1/2"]
[WhiteElo "2072"]
[BlackElo "2093"]
[PlyCount "48"]
[EventDate "2010.??.??"]
[WhiteTeam "Betsson.com"]
[BlackTeam "Warwickshire Select 1"]

1. d4 g6 2. e4 Bg7 3. Nc3 d6 4. f4 Nf6 5. Nf3 O-O 6. Bd3 Nc6 7. e5 dxe5 8. dxe5
Nd5 9. Bd2 Ncb4 10. Be4 c6 11. Nxd5 Nxd5 12. c4 Nb6 13. b3 f6 14. Bc3 Bg4 15.
O-O Nd7 16. h3 Bxf3 17. Bxf3 fxe5 18. Bg4 Nf6 19. Be6+ Kh8 20. Bxe5 Nh5 21. Qe1
Bxe5 22. Qxe5+ Ng7 23. Rad1 Qb8 24. Qxb8 Raxb8 1/2-1/2

[Event "4NCL"]
[Site "Barcelo Hotel, Daventry, ENG"]
[Date "2010.11.07"]
[Round "2.14"]
[White "James, Ann-Marie"]
[Black "Yurenok, Maria S"]
[Result "1/2-1/2"]
[WhiteElo "2048"]
[BlackElo "2071"]
[PlyCount "67"]
[EventDate "2010.??.??"]
[WhiteTeam "Warwickshire Select 1"]
[BlackTeam "Betsson.com"]

1. e4 c5 2. c3 d5 3. exd5 Qxd5 4. d4 Nf6 5. Nf3 Bg4 6. Nbd2 Nc6 7. Bc4 Bxf3 8.
Qb3 Na5 9. Qb5+ Qd7 10. Nxf3 Nxc4 11. Qxc4 cxd4 12. Nxd4 Rc8 13. Qb3 a6 14. Bg5
Qd5 15. Bxf6 Qxb3 16. axb3 gxf6 17. O-O e6 18. b4 Bd6 19. Rfd1 Bb8 20. Nb3 Ke7
21. Rd3 Rhd8 22. Rh3 Rh8 23. Nc5 Rc7 24. Re1 Ba7 25. Ne4 Rd7 26. Rf3 f5 27. Ng5
Kf6 28. h4 h6 29. Ne4+ Ke7 30. Ng3 Kf6 31. Nh5+ Kg6 32. Nf4+ Kf6 33. Nd3 Rhd8
34. Ra1 1/2-1/2

[Event "4NCL"]
[Site "Barcelo Hotel, Daventry, ENG"]
[Date "2010.11.07"]
[Round "2.15"]
[White "Pert, Nicholas"]
[Black "Pinter, Gabor"]
[Result "1-0"]
[WhiteElo "2561"]
[BlackElo "2363"]
[PlyCount "74"]
[EventDate "2010.??.??"]
[WhiteTeam "Wood Green Hilsmark 1"]
[BlackTeam "Cambridge University 1"]

1. d4 d5 2. c4 c6 3. Nf3 Nf6 4. Nc3 a6 5. g3 b5 6. c5 g6 7. Bg2 Bg7 8. O-O Nbd7
9. Bf4 O-O 10. Qc1 Qe8 11. Re1 Nh5 12. Bh6 Nhf6 13. Bxg7 Kxg7 14. a3 e6 15. Qf4
Qd8 16. g4 Ra7 17. h3 a5 18. e4 Qc7 19. e5 Ng8 20. Qg3 b4 21. Ne2 Rb7 22. a4 f5
23. exf6+ Rxf6 24. Nc1 h6 25. h4 Rf8 26. Nb3 Qxg3 27. fxg3 Ra7 28. Rxe6 Rf7 29.
Rae1 Ngf6 30. Rxf6 Nxf6 31. Ne5 Bd7 32. g5 hxg5 33. hxg5 Ng4 34. Nxd7 Rfxd7 35.
Re6 Kf7 36. Rxc6 Re7 37. Rd6 Nf6 1-0

[Event "4NCL"]
[Site "Barcelo Hotel, Daventry, ENG"]
[Date "2010.11.07"]
[Round "2.15"]
[White "Moskovic, David M"]
[Black "Lalic, Bogdan"]
[Result "1/2-1/2"]
[WhiteElo "2293"]
[BlackElo "2495"]
[PlyCount "24"]
[EventDate "2010.??.??"]
[WhiteTeam "Cambridge University 1"]
[BlackTeam "Wood Green Hilsmark 1"]

1. e4 c5 2. Nc3 Nc6 3. Bb5 Nd4 4. Ba4 a6 5. Bb3 e6 6. Nf3 Nxf3+ 7. Qxf3 d6 8.
O-O Nf6 9. Qg3 Nh5 10. Qh3 Nf6 11. Qg3 Nh5 12. Qh3 Nf6 1/2-1/2

[Event "4NCL"]
[Site "Barcelo Hotel, Daventry, ENG"]
[Date "2010.11.07"]
[Round "2.15"]
[White "Tissir, Mohamed"]
[Black "Bisby, Daniel L"]
[Result "1-0"]
[WhiteElo "2474"]
[BlackElo "2306"]
[PlyCount "51"]
[EventDate "2010.??.??"]
[WhiteTeam "Wood Green Hilsmark 1"]
[BlackTeam "Cambridge University 1"]

1. e4 e6 2. d4 d5 3. Nd2 Nf6 4. e5 Nfd7 5. Bd3 c5 6. c3 b6 7. Ne2 Ba6 8. Bxa6
Nxa6 9. O-O g6 10. c4 Bg7 11. cxd5 exd5 12. f4 O-O 13. f5 Re8 14. e6 fxe6 15.
fxg6 hxg6 16. Nf4 cxd4 17. Nxg6 Qg5 18. Nf4 e5 19. Nf3 Qf5 20. Nxd5 e4 21. Ng5
Qxd5 22. Qh5 Nf6 23. Rxf6 Bxf6 24. Qg6+ Bg7 25. Bd2 Re7 26. Rf1 1-0

[Event "4NCL"]
[Site "Barcelo Hotel, Daventry, ENG"]
[Date "2010.11.07"]
[Round "2.15"]
[White "Pein, Malcolm"]
[Black "Churm, Rohan M"]
[Result "1-0"]
[WhiteElo "2390"]
[BlackElo "2153"]
[PlyCount "63"]
[EventDate "2010.??.??"]
[WhiteTeam "Wood Green Hilsmark 1"]
[BlackTeam "Cambridge University 1"]

1. d4 d5 2. Nf3 Nf6 3. c4 c6 4. Qc2 e6 5. Bg5 h6 6. Bxf6 Qxf6 7. Nbd2 Nd7 8. e3
Bd6 9. Be2 O-O 10. O-O e5 11. cxd5 cxd5 12. dxe5 Nxe5 13. Nd4 Nc6 14. N2f3 Bg4
15. Rfd1 Rfd8 16. Qb3 Bxf3 17. Bxf3 Be5 18. Ne2 Ne7 19. Bxd5 Nxd5 20. Rxd5 Rxd5
21. Qxd5 Rd8 22. Qxb7 Rd2 23. Qc8+ Kh7 24. Qc4 Rxb2 25. Rd1 g6 26. f4 Bd6 27.
Ng3 Rb4 28. Qd5 Be7 29. f5 Kg7 30. fxg6 fxg6 31. Rf1 Qd6 32. Qf7+ 1-0

[Event "4NCL"]
[Site "Barcelo Hotel, Daventry, ENG"]
[Date "2010.11.07"]
[Round "2.15"]
[White "Chevannes, Sabrina L"]
[Black "Tiller, Bjorn"]
[Result "0-1"]
[WhiteElo "2074"]
[BlackElo "2393"]
[PlyCount "94"]
[EventDate "2010.??.??"]
[WhiteTeam "Cambridge University 1"]
[BlackTeam "Wood Green Hilsmark 1"]

1. d4 g6 2. Nf3 d6 3. e4 Nf6 4. Nc3 Bg7 5. Be3 a6 6. Bd3 O-O 7. h3 b5 8. a4 b4
9. Ne2 Bb7 10. Ng3 Nbd7 11. O-O c5 12. c3 bxc3 13. bxc3 Qa5 14. Qd2 e6 15. Rfb1
Rfb8 16. Qe1 Bc6 17. Bc2 cxd4 18. cxd4 Qxe1+ 19. Nxe1 d5 20. f3 Nb6 21. Bf4
Nfd7 22. e5 Bf8 23. Nf1 Nc4 24. Rxb8 Rxb8 25. Nd3 a5 26. Nd2 Nb2 27. Ra2 Nxd3
28. Bxd3 Rb4 29. Be3 Bxa4 30. Kf2 Bb5 31. Ke2 Bxd3+ 32. Kxd3 a4 33. Kc3 Nb6 34.
Bh6 Rb5 35. Bxf8 Kxf8 36. Rb2 Rxb2 37. Kxb2 Nc4+ 38. Kc3 Nxd2 39. Kxd2 g5 40.
g4 f6 41. exf6 Kf7 42. Kc3 Kxf6 43. Kb4 e5 44. Kxa4 exd4 45. Kb3 Ke5 46. Kc2
Kf4 47. Kd3 Kxf3 0-1

[Event "4NCL"]
[Site "Barcelo Hotel, Daventry, ENG"]
[Date "2010.11.07"]
[Round "2.16"]
[White "Brunner, Nicolas"]
[Black "McNab, Colin A"]
[Result "1/2-1/2"]
[WhiteElo "2462"]
[BlackElo "2445"]
[PlyCount "94"]
[EventDate "2010.??.??"]
[WhiteTeam "Guildford A&DC 1"]
[BlackTeam "White Rose 1"]

1. d4 d6 2. Nf3 g6 3. c4 Bg7 4. Nc3 Nd7 5. e4 e5 6. Be2 Ngf6 7. O-O O-O 8. Be3
Qe7 9. Qc2 c6 10. Rfe1 exd4 11. Nxd4 Re8 12. f3 a5 13. Bf1 Nc5 14. b3 Bd7 15.
Rad1 Rad8 16. a3 Bc8 17. b4 axb4 18. axb4 Ncd7 19. b5 c5 20. Nde2 Nb6 21. Nf4
Be6 22. Nfd5 Nfxd5 23. Nxd5 Nxd5 24. cxd5 Bd7 25. Bf2 Qf6 26. Bg3 b6 27. Bc4
Ra8 28. Rd3 h5 29. h4 Bh6 30. Rf1 Bf4 31. Bf2 Qe5 32. Be1 Ra1 33. Qc3 Qxc3 34.
Bxc3 Bh2+ 35. Kf2 Bg3+ 36. Kg1 Rxf1+ 37. Kxf1 Bxh4 38. Rd1 Ra8 39. e5 Ra4 40.
Be2 Ra3 41. Ba1 Bg3 42. exd6 h4 43. Bf6 h3 44. gxh3 Bxh3+ 45. Kg1 Ra2 46. Bc4
Rg2+ 47. Kh1 Rh2+ 1/2-1/2